Does party membership really not matter? In search of an electoral model for mass parties / by Joan Botella
Descripción Física:
22 p. : gràfics ; 21 cm
Materias:
Partits polítics -- Afiliació
MARC
| LEADER | 00000nam a2200000Ia 4500 | ||
|---|---|---|---|
| 001 | 16373 | ||
| 008 | 160829s1989 xx 000 0 cat d | ||
| 080 | |a FU-41-48 | ||
| 100 | |a Botella, Joan |9 39194 | ||
| 245 | |a Does party membership really not matter? In search of an electoral model for mass parties / by Joan Botella | ||
| 260 | |a BArcelona : |b Institut de Ciències Polítiques i Socials, |c 1989 | ||
| 300 | |a 22 p. : |b gràfics ; |c 21 cm | ||
| 490 | |a Working papers / Institut de Ciències Polítiques i Socials ; [3] | ||
| 590 | |a Referències bibliogràfiques | ||
| 650 | |a Partits polítics |x Afiliació |9 39195 | ||
| 710 | 2 | |a Institut de Ciències Polítiques i Socials (Barcelona, Catalunya) |9 55871 | |
| 901 | |a Arxiu | ||
| 942 | |n 1 | ||
| 952 | |0 0 |1 0 |4 0 |6 FU4148 |7 1 |9 48860 |a Arxiu |b Arxiu |d 2016-12-01 |l 0 |o FU-41-48 |p 16373 |r 2016-12-01 00:00:00 |w 2016-12-01 |y ARXIU | ||
| 999 | |c 52695 |d 52695 | ||